[Event "AUTO-OPEN-976"]
[Site "http://www.queenalice.com/game.php?id=339106"]
[Date "2008.1.19"]
[Round "1"]
[White "rmchacal"]
[Black "nrgjr2000"]
[Result "0-1"]
[WhiteElo "1396"]
[BlackElo "1947"]

1. e4 c5 2. Bc4 d6 3. Qf3 e6 4. Nh3 Nf6 5. Bb5+ Bd7 6. Bxd7+ Qxd7 7. d3 Nc6 8.
Be3 Be7 9. Nc3 a6 10. O-O O-O 11. Bg5 Nd4 12. Qd1 h6 13. Bxf6 Bxf6 0-1

[Event "AUTO-OPEN-976"]
[Site "http://www.queenalice.com/game.php?id=339107"]
[Date "2008.1.19"]
[Round "1"]
[White "nrgjr2000"]
[Black "rmchacal"]
[Result "1-0"]
[WhiteElo "1945"]
[BlackElo "1398"]

1. Nf3 d5 2. d4 e6 3. g3 Nc6 4. Bg2 Bd6 5. O-O e5 6. dxe5 Nxe5 7. Qxd5 Be6 8.
Qb5+ Bd7 9. Qb3 Be6 10. Qxb7 Bc8 11. Qxa8 a6 12. Nxe5 Bxe5 13. Nc3 Nf6 14. Bc6+
1-0

[Event "AUTO-ADV-774"]
[Site "http://www.queenalice.com/game.php?id=339401"]
[Date "2008.1.20"]
[Round "1"]
[White "Paulsains"]
[Black "nrgjr2000"]
[Result "1-0"]
[WhiteElo "1856"]
[BlackElo "1909"]

1. e4 c5 2. Nf3 d6 3. Bb5+ Bd7 4. Bxd7+ Qxd7 5. O-O Nc6 6. d3 e6 7. Nc3 Nf6 8.
Bf4 Be7 9. e5 dxe5 10. Nxe5 Nxe5 11. Bxe5 O-O 12. Qf3 Rfe8 13. Qg3 Kh8 14. Ne4
Rg8 15. Ng5 Bd8 16. Qh3 h6 17. Bf4 Nh7 18. Ne4 b6 19. Rfe1 Qe7 20. Qf3 Nf6 21.
Nxf6 Qxf6 22. Qxa8 Bc7 23. Qxg8+ 1-0

[Event "AUTO-ADV-774"]
[Site "http://www.queenalice.com/game.php?id=339402"]
[Date "2008.1.20"]
[Round "1"]
[White "nrgjr2000"]
[Black "Paulsains"]
[Result "1-0"]
[WhiteElo "1891"]
[BlackElo "1856"]

1. Nf3 Nf6 2. d4 e6 3. c4 Bb4+ 4. Bd2 Bxd2+ 5. Qxd2 O-O 6. Nc3 b6 7. e4 d6 8.
Bd3 Bb7 9. O-O Nbd7 10. Rfe1 e5 11. Rad1 c5 12. dxe5 dxe5 13. Bc2 h6 14. h3 Ba6
15. b3 Rb8 16. Qd6 Qc8 17. Nxe5 Nxe5 18. Qxe5 Re8 19. Qf4 Bb7 20. Nd5 Nxd5 21.
exd5 Rf8 22. Re7 Qd8 23. Qf5 g6 24. Qf6 Bc8 25. Bxg6 Rb7 26. Bxf7+ 1-0

[Event "AUTO-ADV-774"]
[Site "http://www.queenalice.com/game.php?id=339413"]
[Date "2008.1.20"]
[Round "1"]
[White "MartinLouisSelby"]
[Black "nrgjr2000"]
[Result "0-1"]
[WhiteElo "1759"]
[BlackElo "1882"]

1. e4 c5 2. Bc4 e6 3. e5 d5 4. Bb5+ Bd7 5. Bxd7+ Nxd7 6. d4 Ne7 7. Nf3 Nc6 8.
Bf4 Qb6 9. b3 cxd4 10. Qd3 Bb4+ 11. Nc3 Bxc3+ 12. Ke2 Bxa1 13. Rxa1 Rc8 14. Rc1
h6 15. Bg3 Nc5 16. Qd2 Ne4 17. Qf4 Qb5+ 18. Ke1 Qb4+ 19. Kf1 Ne7 20. Qg4 Nf5 21.
Bf4 d3 22. cxd3 Rxc1+ 23. Bxc1 Nd2+ 24. Bxd2 Qxg4 25. a4 Kd7 26. h3 Qh5 27. Kg1
Rc8 28. Kh2 Ne7 29. Nd4 Qd1 30. Bb4 Qxd3 31. Nf3 Qxb3 32. Bd2 Nf5 33. g4 Qxf3
34. gxf5 Qxf2+ 35. Kh1 Qxd2 0-1

[Event "AUTO-ADV-774"]
[Site "http://www.queenalice.com/game.php?id=339414"]
[Date "2008.1.20"]
[Round "1"]
[White "nrgjr2000"]
[Black "MartinLouisSelby"]
[Result "1-0"]
[WhiteElo "1895"]
[BlackElo "1739"]

1. Nf3 Nf6 2. d4 d5 3. c4 Bf5 4. Nc3 e6 5. Qb3 b6 6. Bg5 Nc6 7. e3 Be7 8. Bxf6
Bxf6 9. cxd5 exd5 10. Nxd5 O-O 11. Nxf6+ Qxf6 12. Bd3 Rad8 13. Bxf5 Qxf5 14. Rc1
Na5 15. Qc3 Rd7 16. b4 Nb7 17. O-O Re8 18. Rfd1 Nd6 19. Qb3 Kh8 20. Rc2 Ne4 21.
Rdc1 Rc8 22. Ne5 Re7 23. f3 Ng5 24. e4 Qf6 25. b5 Qd6 26. Qe3 Qh6 27. Ng4 Qh5
28. d5 Rce8 29. Rxc7 Qg6 30. Rxe7 f6 31. Rxe8+ Qxe8 32. Nf2 h5 33. h4 Nf7 34. a4
Ne5 35. f4 Nd7 36. Nd3 Qe7 37. e5 fxe5 38. fxe5 Qxh4 39. e6 Nf6 40. e7 Ne8 41.
Rc8 Qf6 42. Rxe8+ Kh7 43. Qe4+ g6 44. Rf8 Qg7 45. e8=Q 1-0

[Event "AUTO-ADV-774"]
[Site "http://www.queenalice.com/game.php?id=339419"]
[Date "2008.1.20"]
[Round "1"]
[White "diego_flavio14"]
[Black "nrgjr2000"]
[Result "0-1"]
[WhiteElo "1647"]
[BlackElo "1953"]

1. d4 Nf6 2. b3 g6 3. Bb2 Bg7 4. e3 d6 5. d5 O-O 6. c4 c6 7. dxc6 bxc6 8. Nf3
Bb7 9. Be2 c5 10. O-O Nc6 11. Na3 a6 12. Nc2 Qc7 13. Bd3 Rad8 14. Qe2 Rfe8 15.
Nd2 Ne5 16. Bxe5 dxe5 17. e4 Rd7 18. Ne3 e6 19. Rfd1 Red8 20. Nf3 Nxe4 21. Bxe4
Bxe4 22. Rxd7 Rxd7 23. Rd1 Rxd1+ 24. Qxd1 Bc6 25. Ng4 h5 26. Ne3 a5 27. a4 f6
28. Ne1 e4 29. f3 exf3 30. Nxf3 Bh6 31. Nf1 Kf7 32. Nh4 f5 33. Qa1 Bg7 0-1

[Event "AUTO-ADV-774"]
[Site "http://www.queenalice.com/game.php?id=339420"]
[Date "2008.1.20"]
[Round "1"]
[White "nrgjr2000"]
[Black "diego_flavio14"]
[Result "1-0"]
[WhiteElo "1949"]
[BlackElo "1651"]

1. Nf3 d5 2. d4 b6 3. Bf4 Bb7 4. e3 Nf6 5. Bd3 e6 6. O-O Be7 7. Nbd2 O-O 8. h3
Nh5 9. Bh2 f5 10. Ne5 Nf6 11. Ndf3 Nbd7 12. Rc1 Nxe5 13. Nxe5 Bd6 14. b3 Bxe5
15. Bxe5 Ne4 16. Bxe4 fxe4 17. Qg4 Qe7 18. c4 Rac8 19. c5 c6 20. b4 b5 21. a4
Qd7 22. Ra1 bxa4 23. Rxa4 a6 24. Rfa1 Ra8 25. Ra5 Rf7 26. R5a2 g6 27. Rb2 Raf8
28. h4 h5 29. Qxg6+ Rg7 30. Bxg7 Qxg7 31. Qxh5 Rf5 32. Qe8+ Kh7 33. Qxe6 1-0

[Event "AUTO-ADV-777"]
[Site "http://www.queenalice.com/game.php?id=340451"]
[Date "2008.1.22"]
[Round "1"]
[White "nrgjr2000"]
[Black "toninho89"]
[Result "0-1"]
[WhiteElo "1836"]
[BlackElo "1953"]

1. Nf3 c5 2. g3 Nc6 3. Bg2 g6 4. c4 Bg7 5. Nc3 e5 6. d3 Nge7 7. O-O O-O 8. Be3
d6 9. Qc1 Nf5 10. Bg5 f6 11. Bd2 Be6 12. e3 Nfe7 13. e4 Qd7 14. Bh6 Rae8 15.
Bxg7 Kxg7 16. a3 h6 17. Nd5 Bg4 18. Nd2 Nd4 19. Nc3 Be2 20. f4 Bxf1 21. Qxf1 f5
22. b4 g5 23. fxg5 hxg5 24. Qd1 f4 25. Qh5 Rh8 26. Qxg5+ Kf7 27. Rf1 Reg8 28.
Rxf4+ exf4 29. Qxf4+ Ke8 30. Nb5 Ne2+ 0-1

[Event "AUTO-ADV-777"]
[Site "http://www.queenalice.com/game.php?id=340452"]
[Date "2008.1.22"]
[Round "1"]
[White "toninho89"]
[Black "nrgjr2000"]
[Result "1-0"]
[WhiteElo "1941"]
[BlackElo "1848"]

1. e4 c5 2. Nf3 d6 3. d4 cxd4 4. Nxd4 Nf6 5. Nc3 a6 6. Be3 e6 7. g4 Be7 8. g5
Nfd7 9. h4 Qc7 10. h5 Nc6 11. h6 g6 12. f4 e5 13. Nd5 Qd8 14. Nf3 b5 15. f5 Qa5+
16. b4 Qa3 17. c3 Bd8 18. Bd3 Qb2 19. Rh2 1-0

[Event "AUTO-ADV-777"]
[Site "http://www.queenalice.com/game.php?id=340453"]
[Date "2008.1.22"]
[Round "1"]
[White "nrgjr2000"]
[Black "Viper_SB"]
[Result "1-0"]
[WhiteElo "1824"]
[BlackElo "1697"]

1. Nf3 d5 2. d4 e6 3. c4 c6 4. Nc3 Bb4 5. Qc2 Nf6 6. a3 Bxc3+ 7. Qxc3 Bd7 8. Bg5
h6 9. Bh4 Qc8 10. Bxf6 gxf6 11. e3 Qd8 12. Bd3 f5 13. Ne5 Qe7 14. b4 f6 15. Ng6
Qg7 16. Nxh8 Qxh8 17. O-O Ke7 18. f3 Na6 19. e4 Rg8 20. exd5 Qg7 21. Rf2 h5 22.
Re1 h4 23. dxe6 Bc8 24. Bxf5 Qg5 25. Bh3 Nc7 26. Rfe2 f5 27. Qd3 Rf8 28. d5 cxd5
29. cxd5 Rd8 30. Re5 Rd6 31. Rxf5 Rxd5 32. Qxd5 Nxd5 33. Rxg5 Nf4 34. Rg7+ Kf8
35. Rc7 Bxe6 36. Bxe6 Nxe6 37. Rxe6 1-0

[Event "AUTO-ADV-777"]
[Site "http://www.queenalice.com/game.php?id=340454"]
[Date "2008.1.22"]
[Round "1"]
[White "Viper_SB"]
[Black "nrgjr2000"]
[Result "0-1"]
[WhiteElo "1696"]
[BlackElo "1873"]

1. d4 Nf6 2. e3 g6 3. Nf3 Bg7 4. b3 d6 5. Bd3 O-O 6. O-O c5 7. Bb2 Bg4 8. Be2
Nbd7 9. c4 a6 10. Nbd2 Rb8 11. Rc1 b5 12. a3 bxc4 13. Nxc4 Be6 14. Ng5 Bxc4 15.
Bxc4 a5 16. a4 d5 17. Bb5 cxd4 18. Bxd4 e6 19. Qf3 h6 20. Bxd7 Nxd7 21. Bxg7
Kxg7 22. Nh3 Rxb3 23. Qd1 Rb4 24. Nf4 Nb6 25. h4 Qxh4 26. Rc7 Qf6 27. Qg4 Kh7
28. Nxe6 Rxg4 29. Nxf8+ Kg7 30. Nd7 Nxd7 31. Rxd7 Qg5 32. g3 Rxg3+ 33. fxg3
Qxg3+ 34. Kh1 Qh3+ 35. Kg1 Qxd7 36. Kf2 Qxa4 37. Re1 Qh4+ 38. Ke2 d4 39. exd4
Qxd4 40. Rd1 Qe4+ 41. Kd2 a4 42. Kc1 Qe2 43. Rd2 Qe3 44. Kc2 Qb3+ 45. Kc1 a3 46.
Rc2 a2 47. Rxa2 Qxa2 0-1

[Event "AUTO-ADV-777"]
[Site "http://www.queenalice.com/game.php?id=340455"]
[Date "2008.1.22"]
[Round "1"]
[White "nrgjr2000"]
[Black "Hakkinen"]
[Result "1-0"]
[WhiteElo "1835"]
[BlackElo "1764"]

1. Nf3 d5 2. d4 Bf5 3. c4 e6 4. Nc3 Nf6 5. e3 Bb4 6. Qb3 Nc6 7. a3 Bxc3+ 8. Qxc3
O-O 9. Bd3 Bxd3 10. Qxd3 Ne4 11. O-O Na5 12. b3 b6 13. Nd2 f5 14. f3 Nxd2 15.
Bxd2 Nc6 16. Rac1 Ne7 17. Bb4 Re8 18. Rc2 Rc8 19. Rfc1 dxc4 20. bxc4 c5 21. Bc3
Rc7 22. Bb2 Rd7 23. Qc3 Nc6 24. d5 exd5 25. cxd5 Ne5 26. e4 fxe4 27. fxe4 Qh4
28. Re2 Rf7 29. Qd2 Qg4 30. Bxe5 Rxe5 31. Rce1 Qd7 32. Qc2 Qa4 33. Qxa4 1-0

[Event "AUTO-ADV-777"]
[Site "http://www.queenalice.com/game.php?id=340456"]
[Date "2008.1.22"]
[Round "1"]
[White "Hakkinen"]
[Black "nrgjr2000"]
[Result "0-1"]
[WhiteElo "1762"]
[BlackElo "1905"]

1. d4 Nf6 2. c4 g6 3. Nc3 Bg7 4. e4 d6 5. Nf3 O-O 6. Be2 e5 7. d5 Bg4 8. Bg5
Nbd7 9. Qd2 a5 10. O-O Nc5 11. Bh6 Nfxe4 12. Nxe4 Nxe4 13. Qe3 Nc5 14. Bxg7 Kxg7
15. Nd2 Qh4 16. Bxg4 Qxg4 17. h3 Qh4 18. b3 f5 19. Nf3 Qf6 20. a3 e4 21. Nd4 f4
22. Qc3 Rfe8 23. b4 Na4 24. Qd2 Re5 25. Qd1 Nb6 26. Ne6+ Rxe6 27. dxe6 Nxc4 28.
Qd5 Ne5 29. Qxb7 Re8 30. Qxc7+ Re7 31. Qxa5 f3 32. g3 Qxe6 33. Kh2 h5 34. Rad1
Nd3 35. Qg5 d5 36. b5 Rb7 37. a4 Ra7 38. Ra1 Ne5 39. Qe3 Rb7 40. Qd4 Kh7 41.
Rfd1 Nd3 42. Rd2 h4 43. g4 Rd7 44. b6 Qd6+ 45. Kg1 Nf4 46. a5 Nxh3+ 47. Kh1 Qe6
48. a6 Qxg4 0-1

[Event "Challenge"]
[Site "http://www.queenalice.com/game.php?id=354877"]
[Date "2008.2.15"]
[Round "-"]
[White "nrgjr2000"]
[Black "Nias"]
[Result "1-0"]
[WhiteElo "1957"]
[BlackElo "1657"]

1. Nf3 f6 2. e4 e5 3. Nxe5 fxe5 4. Qh5+ g6 5. Qxe5+ Ne7 6. Qxh8 d6 7. Nc3 c6 8.
Be2 Be6 9. Qxh7 Nd7 10. Qh4 Qb6 11. O-O O-O-O 12. a4 a5 13. d3 Re8 14. b3 Qb4
15. Na2 Qc5 16. c4 Qd4 17. Rb1 Qg7 18. Bb2 Ne5 19. f4 Qh6 20. Qxh6 Bxh6 21. fxe5
dxe5 22. Bxe5 Be3+ 23. Kh1 g5 24. Nc3 Ng6 25. Bg3 Bd4 26. Nd1 Rh8 27. Nf2 Kd7
28. Bg4 Bxg4 29. Nxg4 c5 30. Rf7+ Kc8 31. Rbf1 Bg7 32. Rxg7 1-0

[Event "AUTO-ADV-774"]
[Site "http://www.queenalice.com/game.php?id=425823"]
[Date "2008.7.1"]
[Round "2"]
[White "casefoncz"]
[Black "nrgjr2000"]
[Result "1-0"]
[WhiteElo "1936"]
[BlackElo "1971"]

1. e4 c5 2. c3 Qa5 3. g3 Nc6 4. Bg2 d6 5. Nf3 Bg4 6. Na3 Nf6 7. h3 Bh5 8. Nc4
Qa6 9. d3 e6 10. Qe2 Be7 11. g4 Bg6 12. h4 h6 13. e5 dxe5 14. Nfxe5 Nxe5 15.
Nxe5 Rd8 16. Nxg6 fxg6 17. g5 hxg5 18. hxg5 Rxh1+ 19. Bxh1 Nh5 20. Be4 e5 21.
Qf3 Qd6 22. Bxb7 Qxd3 23. Bc6+ 1-0

[Event "AUTO-ADV-774"]
[Site "http://www.queenalice.com/game.php?id=425824"]
[Date "2008.7.1"]
[Round "2"]
[White "nrgjr2000"]
[Black "casefoncz"]
[Result "0-1"]
[WhiteElo "1954"]
[BlackElo "1960"]

1. Nf3 e6 2. d4 Nf6 3. c4 b6 4. Nc3 Bb7 5. Qc2 Bb4 6. e3 Ne4 7. Bd3 f5 8. a3
Bxc3+ 9. bxc3 O-O 10. a4 Qf6 11. Ba3 d6 12. O-O-O c5 13. h4 Nd7 14. Rdg1 Rac8
15. Ne1 cxd4 16. exd4 e5 17. d5 Ndc5 18. f3 Nxd3+ 19. Nxd3 Qh6+ 20. Kd1 Ng3 21.
Rh3 f4 22. Qb3 e4 23. fxe4 Qh5+ 0-1

[Event "AUTO-ADV-774"]
[Site "http://www.queenalice.com/game.php?id=425827"]
[Date "2008.7.1"]
[Round "2"]
[White "Petruzza"]
[Black "nrgjr2000"]
[Result "0-1"]
[WhiteElo "1693"]
[BlackElo "1961"]

1. e4 c5 2. c3 Qa5 3. a3 Nc6 4. d3 d6 5. Bd2 Qc7 6. b4 Nf6 7. b5 Nb8 8. Qa4 Bd7
9. c4 e5 10. Nc3 Be7 11. Bg5 O-O 12. Bxf6 Bxf6 13. Nd5 Qd8 14. f3 Na6 15. Qb3
Nc7 16. g4 Nxd5 17. exd5 Bh4+ 18. Ke2 f5 19. Bh3 Qg5 20. Rf1 fxg4 21. Bxg4 Bxg4
22. fxg4 Qxg4+ 23. Rf3 Qg2+ 24. Ke3 Qxh1 25. Rxf8+ Rxf8 26. Ne2 Be1 27. Nf4 Rxf4
28. Qd1 Qf1 29. Qe2 Qh3+ 30. Qf3 Qxf3# 0-1

[Event "AUTO-ADV-774"]
[Site "http://www.queenalice.com/game.php?id=425828"]
[Date "2008.7.1"]
[Round "2"]
[White "nrgjr2000"]
[Black "Petruzza"]
[Result "1-0"]
[WhiteElo "1966"]
[BlackElo "1688"]

1. Nf3 e6 2. d4 f5 3. c4 c6 4. Nc3 h6 5. g3 g5 6. Ne5 Qf6 7. e4 d6 8. Qh5+ Ke7
9. Ng6+ Kd7 10. Nxh8 Qxh8 11. Be3 Nf6 12. Qf7+ Be7 13. e5 dxe5 14. dxe5 Ng4 15.
O-O-O+ Kc7 16. Qxe7+ Nd7 17. Bc5 b6 18. Bd6+ Kb7 19. f4 Ne3 20. Be2 g4 21. Rd2
b5 22. cxb5 Nd5 23. bxc6+ Kxc6 24. Nxd5 exd5 25. Rc2+ Kb6 26. Kb1 a6 27. Rhc1
Ra7 28. Rxc8 Qxc8 29. Rxc8 Ka5 30. Bb4+ Kb6 31. Qd6+ Kb7 32. Qc6# 1-0

[Event "AUTO-ADV-774"]
[Site "http://www.queenalice.com/game.php?id=425829"]
[Date "2008.7.1"]
[Round "2"]
[White "BBurla"]
[Black "nrgjr2000"]
[Result "0-1"]
[WhiteElo "1747"]
[BlackElo "1914"]

1. b3 Nf6 2. Bb2 g6 3. Bxf6 exf6 4. e4 Bg7 5. Nf3 O-O 6. d4 d5 7. exd5 Qxd5 8.
Bc4 Re8+ 9. Be2 Nc6 10. O-O f5 11. Nc3 Qa5 12. Qd2 Bd7 0-1

[Event "AUTO-ADV-774"]
[Site "http://www.queenalice.com/game.php?id=425830"]
[Date "2008.7.1"]
[Round "2"]
[White "nrgjr2000"]
[Black "BBurla"]
[Result "1-0"]
[WhiteElo "1923"]
[BlackElo "1738"]

1. Nf3 Nf6 2. d4 d5 3. c4 dxc4 4. Nc3 Nc6 5. e3 Be6 6. e4 g6 7. d5 Bxd5 8. exd5
Nxd5 9. Qxd5 Qxd5 10. Nxd5 O-O-O 11. Bxc4 e6 12. Ne3 Bb4+ 13. Ke2 1-0

[Event "Challenge"]
[Site "http://www.queenalice.com/game.php?id=435858"]
[Date "2008.7.19"]
[Round "-"]
[White "nrgjr2000"]
[Black "jeancarlo1910"]
[Result "1-0"]
[WhiteElo "1938"]
[BlackElo "1628"]

1. Nf3 d5 2. d4 Nf6 3. c4 Be6 4. Nc3 c6 5. Bg5 g6 6. e3 Bg7 7. Rc1 Nbd7 8. Be2
Nb6 9. c5 Nbd7 10. O-O O-O 11. b4 Ne4 12. Bh4 f5 13. Ng5 Nxg5 14. Bxg5 Bf6 15.
Bxf6 Nxf6 16. b5 Bd7 17. a4 Be6 18. Qb3 Rb8 19. Ra1 a6 20. Rfb1 Qd7 21. Qb4 Ne4
22. Bd3 Nd2 23. Rb2 Ne4 24. Rab1 f4 25. Nxe4 dxe4 26. Bxe4 Bd5 27. Bxd5+ Qxd5
28. Qb3 Qxb3 29. Rxb3 Rbd8 30. bxa6 bxa6 31. Rb6 Rc8 32. Rxa6 fxe3 33. fxe3 Rc7
34. Rbb6 Rf6 35. Ra8+ Kg7 36. a5 Rf8 37. Rxf8 Kxf8 38. Kf2 1-0

[Event "Challenge"]
[Site "http://www.queenalice.com/game.php?id=442657"]
[Date "2008.8.2"]
[Round "-"]
[White "ORNELAS"]
[Black "nrgjr2000"]
[Result "1-0"]
[WhiteElo "1646"]
[BlackElo "1942"]

1. b3 Nf6 2. Bb2 g6 3. d4 Bg7 4. d5 O-O 5. c4 d6 6. g3 c5 7. Bg2 a6 8. a4 b6 9.
Bc3 Nbd7 10. Nf3 Rb8 11. Nbd2 Qc7 12. e4 Nh5 13. Bxg7 Nxg7 14. O-O Nf6 15. Nh4
b5 16. axb5 axb5 17. cxb5 Rxb5 18. Re1 Nd7 19. Qe2 Qb8 20. Ra3 Nb6 21. Qxb5 1-0

[Event "Challenge"]
[Site "http://www.queenalice.com/game.php?id=450813"]
[Date "2008.8.19"]
[Round "-"]
[White "gmronaldinho"]
[Black "nrgjr2000"]
[Result "0-1"]
[WhiteElo "1637"]
[BlackElo "1932"]

1. g3 g6 2. Bg2 Bg7 3. d4 d6 4. e4 c5 5. Ne2 Nc6 6. c3 Bg4 7. f3 Bd7 8. Be3 Qa5
9. O-O Nf6 10. Nd2 O-O 11. Nb3 Qc7 12. dxc5 dxc5 13. Nxc5 Rfd8 14. Qc2 Rac8 15.
Rfd1 Be8 16. Bh3 Rb8 17. Nf4 e6 18. Rxd8 Rxd8 0-1

[Event "Challenge"]
[Site "http://www.queenalice.com/game.php?id=450814"]
[Date "2008.8.19"]
[Round "-"]
[White "nrgjr2000"]
[Black "gmronaldinho"]
[Result "1-0"]
[WhiteElo "1936"]
[BlackElo "1622"]

1. Nf3 Nf6 2. g3 g6 3. Bg2 Bg7 4. O-O O-O 5. d3 d5 6. Nbd2 c5 7. c4 e6 8. Rb1
Nc6 9. a3 e5 10. b4 dxc4 11. dxc4 Qe7 12. b5 Nd4 13. e3 Nxf3+ 14. Nxf3 Bg4 15.
Qc2 Bf5 16. Qb2 Rad8 17. Ra1 e4 18. Nh4 1-0